000 00555nam a2200193Ia 4500
003 OSt
005 20200820111244.0
008 190216s9999||||xx |||||||||||||| ||und||
020 _a0074515713
040 _coclc
082 _a541.3
_bDAS/E
100 _aDas, R C
_94223
245 0 _aExperimental Physical Chemistry /
_cR C Das ; B Behera
250 _a1st Ed.
260 _bTata Mcgraw Hill Publishing Company Ltd,
_c1983.
_aNew Delhi:
300 _a360p
650 _aChemistry
942 _cBK
_2ddc
_h541.3
_iDAS/E
_k541.3
_mDAS/E
999 _c2636
_d2636